| 000 | 01320nam a22003497a 4500 | ||
|---|---|---|---|
| 001 | 0036163 | ||
| 003 | KOHA_MİRAKIL | ||
| 005 | 20260207003000.0 | ||
| 007 | ta | ||
| 008 | 120410b2005 tu a|||gr||||#0|||0|tur | | ||
| 020 | _a9751938252 | ||
| 040 |
_aTR-BiSEU _btur _cTR-BiSEU _erda |
||
| 041 | 0 | _atur | |
| 044 | _ctu | ||
| 050 |
_aDR2188 _b.O86 2005 |
||
| 245 | 0 |
_aOsmanlı yönetiminde Makedonya/ _cHazırlayan H. Yıldırım Ağanoğlu, Sebahattin Bayram, Yılmaz Karaca, Ahmet Semih Torun, Mümin Yıldıztaş. |
|
| 264 | 1 |
_aİstanbul : _bT.C. Başbakanlık Devlet Arşivleri Genel Md. Osmanlı Arşivi Daire Bşk. _c2005 |
|
| 300 |
_axvii, 366 sayfa : _bres., hrt., şkl. ; _c28 cm. |
||
| 336 |
_ametin _btxt _2rdacontent |
||
| 337 |
_aaracısız _bn _2rdamedia |
||
| 338 |
_acilt _bnc _2rdacarrier |
||
| 490 | 1 | _aT.C. | |
| 490 | 1 |
_aBaşbakanlık Devlet Arşivleri Genel Müdürlüğü Osmanlı Arşivi Daire Başkanlığı Yayın ; _vno. |
|
| 490 | 1 | _a74 | |
| 650 | 0 |
_aMakedonya--Tarih--Osmanlı İmparatorluğu dönemi. _968671 |
|
| 650 | 0 |
_aMacedonia--History--Ottoman Empire. _968672 |
|
| 830 | 1 |
_aT.C. _96297 |
|
| 830 | 1 |
_aBaşbakanlık Devlet Arşivleri Genel Müdürlüğü Osmanlı Arşivi Daire Başkanlığı Yayın ; _vno. _968673 |
|
| 830 | 1 |
_a74 _926379 |
|
| 907 | _aTarih | ||
| 942 |
_2lcc _cBK |
||
| 999 |
_c36063 _d36063 |
||